000 00613nam a2200169 i 4500
001 100487
003 ES-MaACL
005 20230906182702.0
007 t|
008 050928s1965 sp ||||1| spa d
100 1 _aMassonnat, Paul.
_978853
245 1 4 _aLas variaciones de la moneda y de los precios
_b: repercusiones en la contabilidad y en el funcionamiento de las empresas /
_cPaul Massonnat; [traducción y revisión Enrique Arderiu Gras].
260 _aBarcelona :
_bSagitario,
_c1965.
300 _a300 p. ;
_c22 cm.
700 1 _aArderiu Gras, Enrique.
_922535
852 _aES-MaACL
_jC-29207
_bR.59573
999 _c100487
_d100487